| 000 | 01609cam a2200397 a 4500 | ||
|---|---|---|---|
| 001 | 11973123 | ||
| 005 | 20081002112539.0 | ||
| 008 | 000204s1999 ii b 101 0 eng | ||
| 010 | _a 99952852 | ||
| 020 | _a0195692985 | ||
| 020 | _a9780195692983 | ||
| 025 | _aI-E-99-952852; 563-09 | ||
| 035 | _a(DLC) 99952852 | ||
| 037 |
_bLibrary of Congress -- New Delhi Field Office _cRs595.00 |
||
| 040 |
_aDLC _cDLC _dDLC |
||
| 042 | _alcode | ||
| 043 | _aa-ii--- | ||
| 050 | 0 | 0 |
_aHM1271 _b.M84 1999 |
| 082 |
_a323.154 _bMUL |
||
| 245 | 0 | 0 |
_aMulticulturalism, Liberalism, and Democracy / _cedited by Rajeev Bhargava, Amiya Kumar Bagchi, R. Sudarshan. |
| 260 |
_aNew Delhi ; _aNew York : _bOxford, 1999 _c1999. |
||
| 300 |
_axi, 433 p. ; _c23 cm. |
||
| 490 |
_921425 _aOxford India paperbacks |
||
| 504 | _aIncludes bibliographical references and index. | ||
| 520 | _aPapers originally presented at a seminar organized by the Centre for Studies in Social Sciences, Calcutta. | ||
| 650 | 0 |
_aMulticulturalism _zIndia. _921426 |
|
| 650 | 0 |
_aLiberalism _zIndia. _921427 |
|
| 650 | 0 |
_aDemocracy _zIndia. _921428 |
|
| 700 | 1 |
_aBhargava, Rajeev. _921429 |
|
| 700 | 1 |
_aBagchi, Amiya Kumar. _921430 |
|
| 700 | 1 |
_aSudarshan, R., _d1953- _921431 |
|
| 856 | 4 | 2 |
_3Publisher description _uhttp://www.loc.gov/catdir/enhancements/fy0606/99952852-d.html |
| 942 |
_2ddc _cBB |
||
| 999 |
_c14866 _d14866 |
||